| 000 | 00390cam a2200157ua 4500 | ||
|---|---|---|---|
| 041 |
_aeng _h |
||
| 082 |
_a823.301 _bKAT/ST |
||
| 100 | _aKates, N . | ||
| 245 |
_aStory of Shakespeare`s plays, Vol 2 / _cN Kates. _hTextual Documents |
||
| 250 |
_a1 / _b. |
||
| 260 |
_aLondon : _bOxford University Press , _c1965. |
||
| 300 | _a69 ; . | ||
| 504 | _a | ||
| 942 | _cBK | ||
| 999 |
_c6920 _d6920 |
||